01213 2200265 4500001002100000005001500021035002000036007000300056008004100059020002200100082001100122084001700133100002600150245006100176250001400237300004200251700002600293505047800319600001600797264003400813336003100847337003000878338002300908990001600931INLIS00000000000007920210204101350 a0010-0121000074ta210204 b j ind  a978-602-252-230-0 a297246 a297246 UMM s0 aUmmu FarisePengarang1 asang penghancur berhala :bNabi Ibrahim As /cUmmu Faris aCetakan I aii, 54 Halaman :bAgama ;c28 x 21 cm0 aTim DivaroePengarang aKisah kepahlawanan dari kekasih terdekat Allah, dalam menghadapi angkara murka seorang raja yang zhalim. Dengan keberaniannya, Nabi Ibrahim alaihissalam menghancurkan berhala yang merupakan lambang kesyirikan. Ringkas, padat, disertai tutur bahas dan ilustrasi gambar yang memikat, itulah ciri khas buku ini. Bertutur tentang perjalanan hidup Nabi Ibrahim alaihissalam, buku ini merupakan salah satu hadiah terbaik bagi buah hati anda di saat menapaki usia pertumbuhnya. 4aCerita Anak aYogyakarta :bErlangga,c2013 aTeks Bergambar2rdacontent aTanpa Perantara2rdamedia aVolume2rdacarrier a00000000379